| 000 | 00807nam a2200253Ia 4500 | ||
|---|---|---|---|
| 003 | OSt | ||
| 005 | 20221005083833.0 | ||
| 006 | a|||||r|||| 00| 0 | ||
| 007 | ta | ||
| 008 | 221004b |||||||| |||| 00| 0 eng d | ||
| 020 |
_a819036345X (pbk) _c295 |
||
| 024 | _a95619 | ||
| 037 |
_b1412, 16/03/2009, Channel Publications _cTextual |
||
| 040 |
_aCRL _cCRL _beng |
||
| 041 |
_2eng _aeng |
||
| 082 | _aV2(Q77).2.M, P8 | ||
| 100 | _aPearson Harlan O. | ||
| 245 | 0 |
_aIslamic reform and revival in nineteenth-century India _b The Tariqah-i Muhammadiyah |
|
| 260 |
_aNew Delhi _bYoda Press India _c2008 |
||
| 300 |
_axviii, 266p. _ccm. |
||
| 650 | _aHISTORY | ||
| 942 |
_hV2(Q77).2.M, P8 _cTEXL _2cc |
||
| 999 |
_c991659 _d991659 |
||